000 01035nam a2200217 a 4500
001 000628563
003 AM-YeHGA
005 20250617160959.0
008 080729s1962 ru | |||||||||||||rus|d
040 _aAM-YeHGA
041 0 _arus
245 0 0 _aЗемлеустроительное проектирование /
_cПод. ред. С.А. Удачина.
250 _a4-е, изд., перераб. и дополнен.
260 _aМосква :
_bИзд. Сельскохоз. литер., журналов плакатов,
_c1962.
300 _a464 с. :
_bсхемы, табл. ;
_c20 см.
440 0 _aУчебники и учебные пособия для высших сельскохозяйственных учебных заведений
650 1 4 _aЗемлеустройство
650 1 4 _aОборудование сельскохозяйственного производства в целом
700 1 _aУдачин, Сергей Александрович
_eред.
_4edt
090 _c466808
999 _c463618
_d463618